=LDR 00000nam 2200000 4500 =001 001151 =005 20250710111511 =035 ##$$a 0010-0725000016 =007 ta =008 250710################a##########0#ind## =020 ##$$a 978-623-307-912-9 =082 ##$$a 398.209 598 =084 ##$$a 398.209 598 LES b =100 #$$a Lesley beake =245 1#$$a Bukan aku, bu! /$c Lesley beake =250 ##$$a Cetakan pertama =260 ##$$a Rawamangun :$b Badan pengembangan dan pembinaan bahasa,$c 2022 =300 ##$$a 24 hlm. : $b Ilus. ; $c 22,9 cm =650 #4$$a Cerita anak indinesia-terjemahan =650 #4$$a Literasi-bahan bacaan =856 ##$$a TBM As suhada